[Event "SLO-ch (Women)"]
[Site "Maribor"]
[Date "1998.??.??"]
[Round "5"]
[White "Krivec, Jana"]
[Black "Licina, Anita"]
[Result "1/2-1/2"]
[WhiteElo "2150"]
[BlackElo "2175"]

1.e4 g6 2.d4 Bg7 3.Nc3 c6 4.Be3 d5 5.e5 h5 6.Qd2 Nh6 7.O-O-O Bg4 8.f3 Bf5
9.h4 b5 10.Nh3 Qa5 11.Nf2 b4 12.Nb1 Nd7 13.a3 Rb8 14.Be2 Qb6 15.Qxb4 Qxb4
16.axb4 Rxb4 17.g4 hxg4 18.fxg4 Be6 19.h5 gxh5 20.Rxh5 Ng8 21.Rxh8 Bxh8 22.Rh1 Bg7
23.Nd3 Rb8 24.Rh7 Kf8 25.Nf4 c5 26.c3 cxd4 27.Nxe6+ fxe6 28.cxd4 Nxe5 29.dxe5 Bxe5
30.g5 Bxb2+ 31.Kd1 a5 32.Bh5 Bg7 33.Bg6 d4 34.Bxd4 Rd8 35.Ke2 Rxd4 36.Rh3 Rf4  1/2-1/2

[Event "FRA-chB"]
[Site "Meribel"]
[Date "1998.??.??"]
[Round "1"]
[White "Olivier, Jean Christophe"]
[Black "Estival, Alain"]
[Result "1-0"]
[WhiteElo "2360"]
[BlackElo "2185"]

1.e4 g6 2.d4 Bg7 3.Nc3 c6 4.f4 d5 5.e5 h5 6.Nf3 Bg4 7.Be2 Nh6 8.Be3 Nf5 9.Bf2 e6
10.Qd2 Bf8 11.O-O Nd7 12.Nd1 Be7 13.Ne3 Nxe3 14.Bxe3 c5 15.c3 Bxf3 16.Bxf3 Rc8
17.g3 cxd4 18.Bxd4 Bc5 19.h3 Bxd4+ 20.cxd4 Nb8 21.Rac1 Rxc1 22.Rxc1 Nc6 23.Bd1 O-O
24.Rc5 Kg7 25.Ba4 Ne7 26.Kg2 Nf5 27.Bc2 Ne7 28.Qc3 Qb8 29.g4 hxg4 30.hxg4 b6
31.Rc7 Rc8 32.Rxc8 Qxc8 33.f5 Qxc3 34.f6+ Kg8 35.bxc3 Nc6 36.Bd3 g5 37.Kf2 Kf8
38.Ke3 Nb8 39.c4 dxc4 40.Bxc4 Nc6 41.Ke4 Nb4 42.a3 Nc2 43.a4 Nb4 44.d5 exd5+
45.Bxd5 Na6 46.Kf5 Nc5 47.Kxg5 Nxa4 48.Kf5 Nc3 49.Bxf7 Kxf7 50.g5 Nb5 51.g6+ Kg8
52.g7 Kh7 53.Ke6  1-0

[Event "Miskolc Avas op"]
[Site "Miskolc"]
[Date "1998.??.??"]
[Round "7"]
[White "Galko, Tibor"]
[Black "Petro, Janos"]
[Result "0-1"]
[WhiteElo "2120"]
[BlackElo "2085"]

1.e4 g6 2.d4 Bg7 3.Nc3 c6 4.Nf3 d6 5.Be2 Nf6 6.h3 Nbd7 7.Be3 b5 8.a3 Nb6
9.e5 Nfd5 10.Nxd5 Nxd5 11.Bd2 O-O 12.c4 bxc4 13.Bxc4 dxe5 14.dxe5 Nb6 15.Ba2 Ba6
16.Be3 Qc7 17.Qc2 Bxe5 18.Nxe5 Qxe5 19.O-O-O Nd5 20.Rhe1 Nxe3 21.Rxe3 Qg5
22.Kb1 Rfd8 23.Rf3 e6 24.Rg3 Qh5 25.Bb3 c5 26.Rxd8+ Rxd8 27.Rc3 Qg5 28.g3 Rd2
29.f4 Rxc2 30.fxg5 Rxc3 31.bxc3 Bd3+ 32.Kc1 c4 33.Ba4 Kg7 34.Kd2 f6 35.gxf6+ Kxf6
36.Ke3 e5 37.Bc6 g5 38.Be4 Bxe4 39.Kxe4 Ke6 40.g4 a6 41.Kf3 Kd5 42.a4 e4+
43.Kf2 Ke5 44.Kg3 a5  0-1

[Event "Moscow-ch op"]
[Site "Moscow"]
[Date "1998.??.??"]
[Round "4"]
[White "Zaitsev, Igor A"]
[Black "Liberzon, Roman"]
[Result "1-0"]
[WhiteElo "2485"]
[BlackElo "2120"]

1.e4 g6 2.d4 Bg7 3.Nc3 c6 4.Nf3 d5 5.h3 Nf6 6.e5 Ne4 7.Nxe4 dxe4 8.Ng5 c5
9.dxc5 Qxd1+ 10.Kxd1 Nc6 11.c3 O-O 12.Nxe4 Rd8+ 13.Kc2 Bf5 14.f3 Bxe5 15.Be3 a5
16.Bc4 Bg7 17.Rad1 Ne5 18.Bd5 Rd7 19.a4 e6 20.Ba2 Rc7 21.b4 axb4 22.cxb4 b6
23.Kb3 Rca7 24.Nc3 bxc5 25.Bxc5 Rb7 26.Nb5 Nd3 27.g4 Nxc5+ 28.bxc5 Bc2+ 29.Kxc2 Rxa4
30.Rd8+ Bf8 31.Nc3 Ra5 32.Rb1 Rxb1 33.Kxb1 Rxc5 34.Ne4 Rb5+ 35.Kc2 Kg7 36.Rd7 Re5
37.Kd3 Ba3 38.f4  1-0

[Event "Goldberg mem"]
[Site "Moscow"]
[Date "1998.??.??"]
[Round "8"]
[White "Vorobiov, Evgeny E"]
[Black "Komliakov, Viktor"]
[Result "1/2-1/2"]
[WhiteElo "2475"]
[BlackElo "2510"]

1.e4 g6 2.d4 Bg7 3.Nc3 c6 4.h3 d5 5.Nf3 Nf6 6.e5 Ne4 7.Nxe4 dxe4 8.Ng5 c5
9.dxc5 Qa5+ 10.Bd2 Qxc5 11.Bc3 Nc6 12.Nxe4 Qb6 13.Qd5  1/2-1/2

[Event "EU-ch U18"]
[Site "Murek"]
[Date "1998.??.??"]
[Round "1"]
[White "Atakisi, Umut"]
[Black "Horvath, Adam"]
[Result "0-1"]
[WhiteElo "2225"]
[BlackElo "2455"]

1.e4 c6 2.d4 g6 3.Nc3 Bg7 4.Nf3 d5 5.h3 dxe4 6.Nxe4 Nd7 7.Bc4 Ngf6 8.Nxf6+ Nxf6
9.O-O O-O 10.Re1 Bf5 11.c3 Be4 12.Bg5 Bd5 13.Bxd5 cxd5 14.Qb3 b6 15.Bxf6 Bxf6
16.a4 e6 17.g3 Qc7 18.h4 h5 19.Ne5 a6 20.Kg2 Rab8 21.Nd3 Rfc8 22.Nf4 Bxh4
23.Nxe6 fxe6 24.gxh4 Qf4 25.Qd1 Qxh4 26.Rxe6 Qg5+ 27.Kf1 Rf8 28.Qc2 Rf5 29.Rae1 Rbf8
30.Re8 Qg4 31.Rxf8+ Kxf8 32.Re3 Qh4 33.Ke1 Qh1+  0-1

[Event "US-ch U20"]
[Site "New York"]
[Date "1998.??.??"]
[Round "1"]
[White "Mc Clelland, Shearwood"]
[Black "Mulyar, Michael A"]
[Result "1/2-1/2"]
[WhiteElo "2130"]
[BlackElo "2380"]

1.e4 g6 2.d4 Bg7 3.Nc3 c6 4.Nf3 d6 5.h3 Nf6 6.Bd3 O-O 7.e5 Nd5 8.Nxd5 cxd5
9.Bf4 dxe5 10.dxe5 Nc6 11.O-O Qb6 12.Qc1 Be6 13.Re1 Rac8 14.Qd2 Na5 15.Bh6 Nc6
16.Qg5 Rfe8 17.Qh4 f6 18.Bxg7 Kxg7 19.exf6+ exf6 20.Qf4 Bf7 21.b3 Qb4  1/2-1/2

[Event "US-ch U20"]
[Site "New York"]
[Date "1998.??.??"]
[Round "4"]
[White "Mc Clelland, Shearwood"]
[Black "Zilberstein, Dmitry"]
[Result "0-1"]
[WhiteElo "2130"]
[BlackElo "2310"]

1.e4 g6 2.d4 Bg7 3.Nc3 c6 4.Nf3 d6 5.h3 Nf6 6.a4 O-O 7.Be2 Nbd7 8.Be3 e5
9.dxe5 dxe5 10.Qd6 Re8 11.a5 Bf8 12.Qd3 Nc5 13.Qxd8 Rxd8 14.Nxe5 Re8 15.Bxc5 Bxc5
16.Nd3 Bd4 17.f3 Nh5 18.g4 Ng3 19.Rh2 h5 20.Kd2 h4 21.Bf1 Rd8 22.Ke1 f5 23.exf5 gxf5
24.Ne2 Re8 25.Kd2 Be3+ 26.Kc3 c5 27.Nxg3 hxg3 28.Rg2 f4 29.Ra4 Bd7 30.Rxf4 Bxf4
31.Nxf4 Re3+ 32.Kd2 Rxf3 33.Bc4+ Kh7 34.Nh5 Rd8 35.Bd3+ Kh8 36.Nxg3 Bc6 37.Rg1 c4
38.g5 cxd3 39.g6 Rf2+ 40.Kc3 Rxc2+ 41.Kb3 Bd5+ 42.Ka3 Kg7 43.Nf5+ Kf6 44.Ne3 Be4
45.Nxc2 dxc2 46.g7 Bh7 47.a6 bxa6 48.g8=Q Bxg8 49.Rc1 Bh7  0-1

[Event "South Wales 1st"]
[Site "Newport"]
[Date "1998.??.??"]
[Round "7"]
[White "Baker, Chris W"]
[Black "Webster, Andrew"]
[Result "0-1"]
[WhiteElo "2340"]
[BlackElo "2420"]

1.e4 g6 2.d4 Bg7 3.Nc3 c6 4.Nf3 d5 5.h3 Nf6 6.Bd3 dxe4 7.Nxe4 Nxe4 8.Bxe4 Nd7
9.O-O O-O 10.c3 c5 11.Re1 cxd4 12.Nxd4 Nc5 13.Bc2 a6 14.Bg5 Re8 15.Qf3 Qc7
16.Rad1 e5 17.Bb3 Nxb3 18.Nxb3 f5 19.Qe3 Be6 20.Nc5 Bf7 21.Nd7 Re6 22.Nc5 Ree8
23.Nd7 Qc6 24.Qb6 Rac8 25.Rd6 Qxb6 26.Rxb6 Bxa2 27.Nf6+ Bxf6 28.Bxf6 Bd5
29.Rxe5 Bc6 30.f4 Kf7 31.Rxe8 Rxe8 32.Be5 g5 33.g3 gxf4 34.Bxf4 Re2 35.Rb4 a5
36.Rb6 Rg2+ 37.Kf1 Rh2 38.h4 Kg6 39.b4 a4 40.b5 Rb2 41.c4 a3 42.Be5 Rb1+
43.Ke2 Kh5 44.Rxc6 bxc6 45.bxc6 Rb6 46.c7 Rc6 47.Kd3 a2 48.Kc2 Rxc7  0-1

[Event "South Wales 1st"]
[Site "Newport"]
[Date "1998.??.??"]
[Round "9"]
[White "Zeidler, Sven P"]
[Black "Webster, Andrew"]
[Result "0-1"]
[WhiteElo "2255"]
[BlackElo "2420"]

1.e4 g6 2.d4 Bg7 3.Nc3 c6 4.Bc4 d6 5.Qf3 e6 6.Nge2 b5 7.Bb3 a5 8.a4 b4 9.Nb1 Ba6
10.Be3 d5 11.Nd2 Nd7 12.c4 bxc3 13.bxc3 Ne7 14.O-O O-O 15.Rfe1 Rb8 16.Nc1 Rb7
17.Qh3 Qb8 18.Bh6 Bxh6 19.Qxh6 dxe4 20.g4 Nf6 21.Rxe4 Kh8 22.Qh4 Nxe4 23.Nxe4 Ng8
24.g5 Rxb3 25.Nxb3 Qxb3 26.Nf6 Nxf6 27.gxf6 Qxc3 28.Rd1 Qc2 29.Re1 g5  0-1

[Event "SVR-chA"]
[Site "Nickenich"]
[Date "1998.??.??"]
[Round "?"]
[White "Bruehl, Andreas"]
[Black "Kohlei, Rolf"]
[Result "1/2-1/2"]
[WhiteElo "2155"]
[BlackElo "2035"]

1.e4 g6 2.d4 Bg7 3.Nc3 c6 4.Nf3 d5 5.h3 f6 6.Be2 Nh6 7.O-O Nf7 8.Re1 O-O
9.Be3 e6 10.Bf1 a5 11.Qd2 Nd7 12.Rad1 b5 13.exd5 exd5 14.Bf4 Nb6 15.b3 g5
16.Bg3 Bh6 17.Nh2 Nd6 18.Bd3 Nf5 19.Ng4 Bg7 20.Bxf5 Bxf5 21.Ne3 Bc8 22.Ne2 Re8
23.c3 Ra7 24.Nf1 Bf5 25.Nc1 Rae7 26.Rxe7 Rxe7 27.Re1 a4 28.Rxe7 Qxe7 29.h4 h6
30.hxg5 hxg5 31.f4 axb3 32.axb3 Be4 33.Nh2 Nd7 34.fxg5 fxg5 35.Nf3 Bf6 36.Nd3 Bxf3
37.gxf3 Kg7 38.Nb4 Qe6 39.Qe1 Qf5 40.Nxc6 Qxf3 41.Kh2 Qh5+ 42.Kg2 Qg4 43.b4 Nb6
44.Ne5 Qe4+ 45.Qxe4 dxe4 46.Nc6 Nd5 47.Be1 Kg6 48.Na7 Kf5 49.Nxb5 Kf4 50.Nd6 Ke3
51.b5 Bd8 52.Nb7 Bc7 53.Nc5 Ke2 54.Nxe4 Kxe1 55.Kf3 g4+ 56.Kxg4 Ke2 57.Kf5 Kd3
58.Nc5+ Kc4 59.Nd7 Kxb5  1/2-1/2

[Event "Nova Gorica op"]
[Site "Nova Gorica"]
[Date "1998.??.??"]
[Round "7"]
[White "Sermek, Drazen"]
[Black "Badea, Bela"]
[Result "1/2-1/2"]
[WhiteElo "2510"]
[BlackElo "2545"]

1.e4 g6 2.d4 Bg7 3.Nc3 c6 4.h3 d6 5.a4 Nd7 6.Nge2 e5 7.g3 Ne7 8.Bg2 O-O 9.O-O f5
10.dxe5 Nxe5 11.f4 Nf7 12.Kh2 fxe4 13.Nxe4 d5 14.N4c3 Nf5 15.g4 N5d6 16.Nd4 Bd7
17.Rb1 c5 18.Ndb5 d4 19.b4 Nxb5 20.Nxb5 a6 21.Na3 cxb4 22.Rxb4 Bc6 23.Bxc6 bxc6
24.Qf3 Rc8 25.Nc4 Qd5 26.Nb6 Qxf3 27.Rxf3 Rb8 28.Kg2 Nd6 29.Rbb3 Rfe8 30.Ba3 Rbd8
31.Kf1 Ne4 32.Nc4 Nc3 33.Rb6 Nd5 34.Rxc6 Rc8 35.Rxc8 Rxc8 36.Nd6 Rxc2 37.Rb3 Bf8
38.Rb8 Rc3 39.Bb2 Rf3+ 40.Ke2 Rxh3 41.Bxd4 Nxf4+ 42.Kf2 Ra3 43.Be3 Rxa4 44.Kf3 g5
45.Ne4 h6 46.Bxf4 gxf4 47.Rb7 Bg7 48.Kxf4 Ra5 49.g5 hxg5+ 50.Kg4 Re5 51.Nxg5 Bf6
52.Nf7  1/2-1/2

[Event "RUS-ch sf"]
[Site "Novosibirsk"]
[Date "1998.??.??"]
[Round "?"]
[White "Isanbaev, Ramil"]
[Black "Chigvintsev, Andrei"]
[Result "1/2-1/2"]
[WhiteElo "2320"]
[BlackElo "2395"]

1.e4 g6 2.d4 Bg7 3.Nc3 c6 4.Nf3 d6 5.h3 Nf6 6.Bd3 O-O 7.O-O Na6 8.a3 Nc7
9.Be3 Re8 10.Qd2 e5 11.Rad1 exd4 12.Bxd4 Ne6 13.Be3 d5 14.exd5 Nxd5 15.Nxd5 Qxd5
16.c4 Qd6 17.Rfe1 Qf8 18.b4 a5 19.c5 axb4 20.Qxb4 Bf6 21.Nd2 Be7 22.Ne4 Rd8
23.Bc4 b5 24.Bb3 Rd7 25.Nd6 Rda7 26.Bc1 Bf6 27.Re3 Re7 28.Rf3 Qg7 29.Nf5 gxf5
30.Rg3 Qxg3 31.fxg3 Rd7 32.Rxd7 Bxd7 33.Kh2 Rd8 34.Be3 Be8 35.Qe1 Rd3 36.Bc2 Rd5
37.Qf2 Ng7 38.a4 bxa4 39.Bxa4 Be5 40.Bb3 Rd3 41.Bc2 Rd5 42.Qe2 Bc7 43.Qf3 Bd7
44.Kg1 Be6 45.Bb3 Rd8 46.Bxe6 Nxe6 47.Qxf5 Rd5 48.Qg4+ Kf8 49.Kf2 h5 50.Qa4 Rf5+
51.Ke2 Re5 52.g4 hxg4 53.hxg4 Ke7 54.Kf3 Kd7 55.Bf4 Rxc5 56.Bxc7 Kxc7 57.Qa7+ Kd8  1/2-1/2

[Event "Nyirsegi Torna op"]
[Site "Nyirsegi Torna"]
[Date "1998.??.??"]
[Round "3"]
[White "Valko, Krisztian"]
[Black "Toth, Gabor"]
[Result "1/2-1/2"]
[WhiteElo "2020"]
[BlackElo "2160"]

1.e4 g6 2.d4 Bg7 3.Nc3 c6 4.Be3 d6 5.Qd2 b5 6.f3 Qa5 7.Nge2 Nd7 8.g4 Ngf6
9.Ng3 h5 10.g5 Nh7 11.h4 Nhf8 12.Bd3 a6 13.Nce2 Qxd2+ 14.Kxd2 Nb6 15.c3 Nc4+
16.Bxc4 bxc4 17.f4 Rb8 18.Kc2 Bg4 19.b3 cxb3+ 20.axb3 Rb6 21.Ra5 Nd7 22.Rha1 Nb8
23.d5 Rb7 24.dxc6 Nxc6 25.Rxa6 Kd7 26.Nd4 Bxd4 27.Bxd4 Rc8 28.R6a4 Nb4+ 29.Kd2 Nc6
30.R4a3 Be6 31.Rb1 Nxd4 32.cxd4 Rbc7 33.f5 Rc2+ 34.Ke1 gxf5 35.d5 fxe4 36.dxe6+ Kxe6
37.Nxe4 Rh2 38.Ng3 Rc3 39.Nf1 Rxh4 40.Ra4 Rxa4 41.bxa4 Ra3 42.Rb4 Kf5 43.Rb7 Rxa4
44.Rxe7 Re4+  1/2-1/2

[Event "Pardubice Czech op"]
[Site "Pardubice"]
[Date "1998.??.??"]
[Round "1"]
[White "Ptacnikova, Lenka"]
[Black "Sergeev, Vladimir"]
[Result "0-1"]
[WhiteElo "2280"]
[BlackElo "2465"]

1.e4 g6 2.d4 Bg7 3.Nc3 c6 4.f4 d5 5.e5 b6 6.Be2 Ba6 7.Bf3 e6 8.Be3 Nd7 9.Nb1 Ne7
10.g4 c5 11.c3 Qc7 12.Na3 O-O 13.Ne2 Rac8 14.O-O f6 15.Rf2 f5 16.g5 Rfd8
17.Ng3 Nc6 18.Rc1 Na5 19.b3 Bf8 20.Nc2 Nc6 21.h4 b5 22.h5 Bb7 23.Qf1 a6 24.Rh2 cxd4
25.cxd4 Bg7 26.Qh3 Ne7 27.Bd2 a5 28.Be2 Qb6 29.Kh1 Kf7 30.Qf1 b4 31.Qf2 Rc7
32.Bd3 Ba6 33.Qf1 Bxd3 34.Qxd3 Rdc8 35.Be3 Rc6 36.Rg1 Qa6 37.Qd1 Rc3 38.Rd2 Qc6
39.Rgg2 Nb6 40.Qe2 Qc7 41.Kh2 Bf8 42.Nh1 Nd7 43.Ne1 a4 44.Rb2 axb3 45.axb3 Nc6
46.Rg3 Qb6 47.Qd1 Rxe3 48.Rxe3 Nxd4 49.Rh3 Nb5 50.hxg6+ hxg6 51.Rh7+ Bg7
52.Qf3 Rc1 53.Qg3 Nc3 54.Nd3 Ne4 55.Qg2 Rc3 56.Nhf2 Qd4 57.Nxe4 fxe4 58.Nf2 Kg8
59.Rh3 Nxe5 60.Ra2 Nf3+ 61.Rxf3 exf3 62.Qg4 Kf7 63.Kg3 Qe3  0-1

[Event "Paris op"]
[Site "Paris"]
[Date "1998.??.??"]
[Round "5"]
[White "Souevamanien, Pascal"]
[Black "Large, Laurent"]
[Result "0-1"]
[WhiteElo "2190"]
[BlackElo "2295"]

1.e4 g6 2.d4 Bg7 3.Nc3 c6 4.Bc4 d5 5.exd5 b5 6.Bb3 b4 7.Qf3 bxc3 8.dxc6 Nf6
9.bxc3 Bg4 10.Qd3 Nxc6 11.Qc4 Ne5 12.Qb5+ Ned7 13.f3 Bf5 14.Be3 Rb8 15.Qe2 Qa5
16.Qd2 Nd5 17.Ne2 Nxe3 18.Qxe3 Nf6 19.g4 Bd7 20.Qd2 O-O 21.g5 Nh5 22.c4 Qf5
23.O-O-O a5 24.Nc3 Bc6 25.Rhf1 Rfd8 26.Qe3 e6 27.a4 Nf4 28.Rg1 Bf8 29.Rg4 Ba3+
30.Kd2 Nh5 31.Ke2 Be7 32.Ne4 Rb4 33.Ra1 Bxe4 34.Qxe4 Qxe4+ 35.Rxe4 Bxg5 36.Rd1 Bf6
37.Ke3 Ng7 38.d5 Nf5+ 39.Ke2 exd5 40.cxd5 Nd4+ 41.Ke3 Nxb3 42.Rxb4 axb4 43.cxb3 Kf8
44.Ke4 Ke7 45.Rd2 Kd6 46.a5 Ra8 47.Ra2 Ra6 48.f4 Bc3 49.f5 g5 50.h3 f6 51.h4 gxh4
52.Rg2 Rxa5 53.Rg8 Ra7  0-1

[Event "HUN-ch op"]
[Site "Pecs"]
[Date "1998.??.??"]
[Round "4"]
[White "Tancsa, Robert"]
[Black "Krutti, Valer"]
[Result "1/2-1/2"]
[WhiteElo "2090"]
[BlackElo "2370"]

1.e4 g6 2.d4 Bg7 3.Nc3 c6 4.f4 d5 5.e5 h5 6.Nf3 Nh6 7.Be3 Bg4 8.h3 Nf5 9.Bf2 Bxf3
10.Qxf3 h4 11.Bd3 e6 12.O-O Nd7 13.a3 Bf8 14.b4 a5 15.Na4 b6 16.Rfb1 Be7
17.c4 axb4 18.axb4 O-O 19.b5 cxb5 20.cxb5 Ra7 21.Nc3 Rc7 22.Ne2 Kg7 23.Ra6 Re8
24.Rba1 Rh8 25.Be1 Qc8 26.Kh2 Qb7 27.Bd2 Nb8 28.R6a4 Rhc8 29.Qf1 Nd7 30.R1a2 Rb8
31.Qa1 Qc8 32.Qb2 Qd8 33.Ra6 Qh8 34.Qa1 Qf8 35.R6a4 Qc8 36.Qb1 Nf8 37.Ra6 Kg8
38.Qb2 Ng7 39.R6a4 Nh5 40.Qb1 Kg7 41.Bb4 Qd8 42.Ra7 Rbc8 43.Qb2 Nd7 44.R2a4 Kg8
45.Qa3 Bxb4 46.Qxb4 Ng7 47.Qa3 Ne8 48.Ra8 Nb8 49.R8a7 Ng7 50.Rxc7 Rxc7 51.Ra7 Ne8
52.Kg1 Ng7 53.Kf2 Nf5 54.Rxc7  1/2-1/2

[Event "Plzen opJ"]
[Site "Plzen"]
[Date "1998.??.??"]
[Round "2"]
[White "Decka, Eliska"]
[Black "Simacek, Pavel"]
[Result "0-1"]
[WhiteElo "2100"]
[BlackElo "2350"]

1.e4 g6 2.d4 Bg7 3.Nc3 c6 4.f4 d5 5.e5 h5 6.Be3 Nh6 7.Nf3 Bg4 8.Be2 e6 9.Qd2 Bf8
10.g3 Nd7 11.Ng5 Bxe2 12.Nxe2 c5 13.h3 Nf5 14.O-O-O cxd4 15.Bxd4 Be7 16.Nf3 Nc5
17.g4 Ne4 18.Qe1 Nxd4 19.Nexd4 hxg4 20.hxg4 Rxh1 21.Qxh1 Nf2 22.Qh8+ Kd7
23.Qxd8+ Rxd8 24.Rg1 Rh8 25.Kd2 Rh3 26.Ke2 Ne4 27.Kf1 Bc5 28.Kg2 Rg3+ 29.Kh2 Rxg1
30.Kxg1 g5 31.fxg5 Nxg5 32.Kg2 Be7 33.c3 Bf8 34.Kg3 Ne4+ 35.Kh3 Nf2+ 36.Kg3 Nd3
37.b3 Bg7 38.Nb5 Nxe5 39.Nxa7 Nxf3 40.Kxf3 Bxc3 41.Nb5 Bb2  0-1

[Event "Plzen opJ"]
[Site "Plzen"]
[Date "1998.??.??"]
[Round "6"]
[White "Starostits, Ilmas"]
[Black "Simacek, Pavel"]
[Result "1-0"]
[WhiteElo "2330"]
[BlackElo "2350"]

1.e4 g6 2.d4 Bg7 3.Nc3 c6 4.h4 d5 5.exd5 cxd5 6.h5 Nc6 7.Be3 Nh6 8.Qd2 Nf5
9.Nf3 Nxe3 10.Qxe3 Bf5 11.O-O-O O-O 12.hxg6 hxg6 13.Ne5 Qd6 14.Nb5 Qf6 15.g4 Be4
16.g5 Qe6 17.Bh3 Bf5 18.Nc7 Qd6 19.Nxa8 Nxe5 20.dxe5 Bxe5 21.Kb1 Bxh3 22.Rxh3 Rxa8
23.Re1 Qe6 24.Rhh1 Bd6 25.Qd4  1-0

[Event "Plzen opJ"]
[Site "Plzen"]
[Date "1998.??.??"]
[Round "8"]
[White "Praznik, Niko"]
[Black "Mihajlovskij, Sergei"]
[Result "0-1"]
[WhiteElo "2200"]
[BlackElo "2310"]

1.e4 g6 2.d4 Bg7 3.Nc3 c6 4.Nf3 d6 5.Bc4 Nf6 6.Bb3 O-O 7.Qe2 a5 8.a4 Na6
9.e5 dxe5 10.dxe5 Nd5 11.Bd2 Nc5 12.Bc4 Nxc3 13.Bxc3 Nxa4 14.Rxa4 b5 15.Ra2 bxc4
16.O-O Be6 17.Rfa1 Bd5 18.Rxa5 Rxa5 19.Rxa5 Qc7 20.Qe3 Rb8 21.Ra7 Qd8 22.h3 Ra8
23.Nd2 Bf8 24.Qd4 Qb8 25.Rxa8 Qxa8 26.Nf1 Bxg2 27.Qxc4 Bxh3 28.Qh4 Be6 29.Ng3 Qa1+
30.Kh2 h6 31.Qe4 Bd5 32.Qd4 Bg7 33.Qh4 Qd1 34.Qf4 Qxc2 35.Qe3 Qd1 36.Qe2 Qb1
37.Qe3 h5 38.b4 h4  0-1

[Event "Pribram Cup"]
[Site "Pribram"]
[Date "1998.??.??"]
[Round "?"]
[White "Simacek, Pavel"]
[Black "Vokac, Marek"]
[Result "0-1"]
[WhiteElo "2350"]
[BlackElo "2525"]

1.e4 g6 2.d4 c6 3.Nc3 Bg7 4.Bc4 b5 5.Bb3 d6 6.Qf3 e6 7.Bf4 b4 8.Nce2 Nf6
9.e5 Nd5 10.Bxd5 cxd5 11.exd6 Nc6 12.Qe3 O-O 13.Nf3 f6 14.O-O Re8 15.Bg3 Bf8
16.a3 Bxd6 17.Bxd6 Qxd6 18.axb4 Nxb4 19.Rfc1 a5 20.c3 Nc6 21.Qf4 Qxf4 22.Nxf4 Ba6
23.Re1 Kf7 24.Re3 g5 25.Nd3 Bxd3 26.Rxd3 Rab8 27.Rd2 Rb5 28.Kf1 h6 29.Ke2 e5
30.dxe5 fxe5 31.Rad1 Reb8 32.Rxd5 Rxd5 33.Rxd5 Rxb2+ 34.Ke3 Ke6 35.Rd1 Ne7
36.Nd2 Nd5+ 37.Kd3 Nf4+ 38.Ke4 Nd5  0-1

[Event "Radenci op"]
[Site "Radenci"]
[Date "1998.??.??"]
[Round "?"]
[White "Crepan, Marjan"]
[Black "Kosanski, Stanko"]
[Result "1/2-1/2"]
[WhiteElo "2295"]
[BlackElo "2365"]

1.e4 g6 2.d4 Bg7 3.Nc3 c6 4.Nf3 d5 5.h3 Nf6 6.Bd3 O-O 7.O-O dxe4 8.Nxe4 Nxe4
9.Bxe4 Nd7 10.c3 Nf6 11.Bc2 Be6 12.Re1 Bd5 13.Ne5 Qb6 14.Nd3 Be4 15.Bg5 Bxd3
16.Qxd3 Rfe8 17.Bb3 a5 18.Bxf6 Bxf6 19.Qc4 e6 20.a4 Rad8 21.Re3 Rd5 22.Qe2 Rd7
23.Bc4 Rde7 24.Rd1 Qc7 25.Re4 Bg7 26.Rd3 c5 27.dxc5 Qxc5 28.Bb5 Rf8 29.Rc4 Qb6
30.Qd2 Be5 31.Qg5 f6 32.Qd2 Bb8 33.Rcd4 Bc7 34.Rd7 Rff7 35.b4 axb4 36.cxb4 Kg7
37.Rxe7 Rxe7 38.Rd7 Rxd7 39.Qxd7+ Kh6 40.Bc4 Qd6 41.Bxe6 Qxd7 42.Bxd7 Bd6
43.Bc8 Bxb4 44.Bxb7 Kg5 45.Kf1 Ba5  1/2-1/2

[Event "Recklinghausen op"]
[Site "Recklinghausen"]
[Date "1998.??.??"]
[Round "?"]
[White "Souleidis, Georgios"]
[Black "Hennig, Dirk"]
[Result "1/2-1/2"]
[WhiteElo "2345"]
[BlackElo "2445"]

1.e4 g6 2.d4 Bg7 3.Nc3 c6 4.Nf3 d6 5.h3 Nf6 6.Bd3 O-O 7.O-O Nbd7 8.Re1 e5
9.Be3 b5 10.dxe5 dxe5 11.Qd2 Qe7 12.Rad1 Nc5 13.Bg5 Re8 14.Qe3 Bb7 15.Ne2 Ne6
16.Bh6 Nd7 17.c3 f6 18.Bc2 c5 19.Bxg7 Kxg7 20.Rd2 Nb6 21.b3 Rad8 22.Red1 Rxd2
23.Rxd2 Rd8 24.Rxd8 Qxd8 25.Qd2 Qxd2 26.Nxd2 b4 27.f3 Ba6 28.Kf2 Bxe2 29.Kxe2 Nf4+
30.Kf2 g5 31.cxb4 cxb4 32.Nb1 Kf7 33.a3 a5 34.axb4 axb4 35.Nd2 Ke7 36.Nf1 Kd6
37.Ne3 Kc5 38.Ke1 h5 39.Kd2 Nc8 40.Bd3 Ne7 41.Bf1 Nc6 42.Bc4 Nd4 43.Bf7 Kd6
44.Bg8 Ng6 45.Kd3 Kc5 46.Bf7 Nf4+  1/2-1/2

[Event "Regensburg op"]
[Site "Regensburg"]
[Date "1998.??.??"]
[Round "5"]
[White "Remmler, Hans Peter"]
[Black "Hoennekes, Klaus"]
[Result "1-0"]
[WhiteElo "2265"]
[BlackElo "2110"]

1.e4 g6 2.d4 Bg7 3.Nc3 c6 4.Nf3 d5 5.h3 Nf6 6.Bd3 dxe4 7.Nxe4 Nxe4 8.Bxe4 Nd7
9.O-O O-O 10.Re1 Qc7 11.Bd3 e6 12.c4 b6 13.Bg5 Bb7 14.Bf1 Rfe8 15.Qd2 f6
16.Bh4 Nf8 17.Bg3 Qd7 18.Rad1 Rad8 19.Qc3 Qc8 20.a4 c5 21.d5 e5 22.Nd2 Bh6
23.Ne4 Bg7 24.Nd2 Bh6 25.Bd3 Bxd2 26.Qxd2 Qc7 27.f4 exf4 28.Bxf4 Qd7 29.Qc3 Qg7
30.a5 Bc8 31.Bc2 g5 32.Bg3 h5 33.Rf1 h4 34.Bh2 Nd7 35.Bc7 Ne5 36.axb6 axb6
37.Bxb6 g4 38.Bxd8 gxh3 39.Rd2 h2+ 40.Kxh2 Rxd8 41.Bf5 Bxf5 42.Rxf5 Re8 43.Rxe5 fxe5
44.Re2 Qg4 45.Qf3 Qxf3 46.gxf3 Kf7 47.Kh3 Kf6 48.Kxh4 Rg8 49.Kh3 Kf5 50.Rg2 Rb8
51.d6 Kf4 52.Rg7 Kxf3 53.Rf7+ Ke4 54.d7 Rg8 55.Rf1 Rd8 56.Rd1 Kf3 57.Rd3+ Kf2
58.Kg4 e4 59.Rd2+ Ke1 60.Rd5 e3 61.Kf5 e2 62.Ke6 Kf1 63.Rf5+ Kg1 64.Re5 Kf1
65.Ke7 Ra8 66.d8=Q Rxd8 67.Kxd8 e1=Q 68.Rxe1+ Kxe1 69.Kd7 Kd2 70.Kd6  1-0

[Event "SLO-chTJ"]
[Site "Rogaska Slatina"]
[Date "1998.??.??"]
[Round "?"]
[White "Lazar, Ales"]
[Black "Gombac, Jan"]
[Result "1-0"]
[WhiteElo "1900"]
[BlackElo "2015"]

1.e4 g6 2.d4 Bg7 3.Nc3 c6 4.Nf3 d5 5.exd5 cxd5 6.Bb5+ Bd7 7.Bxd7+ Qxd7 8.Ne5 Qe6
9.O-O f6 10.Nd3 Qd7 11.Nf4 e6 12.Re1 Kf7 13.Nxe6 Ne7 14.Nxg7 Kxg7 15.Qf3 Nbc6
16.Be3 Rad8 17.Rad1 Nf5 18.a3 Rhe8 19.Ne2 Qe7 20.Rd3 Rd6 21.c3 Na5 22.Ng3 Nxg3
23.Bh6+ Kxh6 24.Rxe7 Rxe7 25.hxg3 Re1+ 26.Kh2 Re4 27.Re3 Rde6 28.Rxe4 dxe4
29.Qf4+ g5 30.Qf5 Ra6 31.Qxe4 b5 32.Qe8 Rb6 33.Qe7 Nc4 34.Qxa7 Re6 35.Qf7 Rb6
36.d5 Ne5 37.Qc7 Ra6 38.d6 Ng4+ 39.Kg1 Ra4 40.f3 Ne5 41.d7  1-0

[Event "Samobor"]
[Site "Samobor"]
[Date "1998.??.??"]
[Round "1"]
[White "Kober, Mladen"]
[Black "Sanduleac, Vasile"]
[Result "0-1"]
[WhiteElo "2315"]
[BlackElo "2450"]

1.e4 g6 2.d4 Bg7 3.Nc3 c6 4.f4 d5 5.e5 Nh6 6.Bd3 f6 7.exf6 exf6 8.Nf3 O-O
9.O-O Bg4 10.h3 Bxf3 11.Qxf3 f5 12.Ne2 Nd7 13.Be3 Nf6 14.Bf2 Qd7 15.c3 Nf7
16.Rae1 Ne4 17.Nc1 Nd2 18.Qd1 Nxf1 19.Bxf1 Nd6 20.Nd3 Ne4 21.Be2 b6 22.Bf3 Rfe8
23.Rf1 Rad8 24.Be1 c5 25.Bh4 Rc8 26.Bxe4 dxe4 27.Ne5 Qd5 28.Qa4 cxd4 29.cxd4 a5
30.Kh2 b5 31.Qb3 Qxb3 32.axb3 Rc2 33.Rd1 e3 34.d5 Rd2  0-1

[Event "San Jose op"]
[Site "San Jose"]
[Date "1998.??.??"]
[Round "2"]
[White "Cabrera, D."]
[Black "Gasca, JM."]
[Result "1-0"]
[WhiteElo "2225"]
[BlackElo "2055"]

1.e4 g6 2.d4 Bg7 3.Nc3 c6 4.Be3 d5 5.f3 dxe4 6.fxe4 Nf6 7.Nf3 Nbd7 8.Qd2 Nb6
9.O-O-O h6 10.h3 a5 11.Bd3 Be6 12.d5 Bd7 13.Qf2 Nc8 14.Ne5 O-O 15.Bd4 Qc7
16.Nc4 b5 17.d6 Qd8 18.dxe7 Qxe7 19.Bc5 Qe6 20.Ne3 Rd8 21.Be2 Nxe4 22.Nxe4 Qxe4
23.Rhf1 f5 24.Bf3 Qe6 25.Kb1 Ne7 26.Rfe1 Qf6 27.c3 Be6 28.Bxe7 Qxe7 29.Bxc6 Rac8
30.Bd5 Bxd5 31.Nxd5 Qg5 32.Ne7+ Qxe7 33.Rxe7 Rxd1+ 34.Kc2 Rcd8 35.Qe2 Kh7
36.Qxd1  1-0

[Event "San Jose op"]
[Site "San Jose"]
[Date "1998.??.??"]
[Round "2"]
[White "Terol, AJ."]
[Black "Garcia Mendez, Be"]
[Result "0-1"]
[WhiteElo "1730"]
[BlackElo "1970"]

1.e4 g6 2.d4 Bg7 3.Nc3 c6 4.Be3 d5 5.e5 h5 6.Bd3 Nh6 7.Qd2 Nf5 8.Nf3 e6 9.Bg5 Qc7
10.Ne2 c5 11.c3 c4 12.Bc2 Bd7 13.Nf4 b5 14.Nh4 Nxh4 15.Bxh4 Bh6 16.Bf6 Rg8
17.Qe3 Bf8 18.Qg3 b4 19.Nxh5 Nc6 20.Nf4 Be7 21.Qh4 g5 22.Qh7 O-O-O 23.Nh5 Bxf6
24.Nxf6 Rgf8 25.Nxd7 Rxd7 26.Qg7 Qd8 27.Ba4 Rc7 28.Qf6 Qxf6 29.exf6 a5 30.h4 Rh8
31.h5 Rh6 32.Ke2 Kd7 33.Rh3 Kd6 34.Ke3 e5 35.g4 exd4+ 36.cxd4 Ke6 37.Rf3 Rxf6
38.Rxf6+ Kxf6 39.Bxc6 Rxc6 40.Re1 Re6+ 41.Kd2 c3+ 42.Kd1 Rxe1+  0-1

[Event "San Jose op"]
[Site "San Jose"]
[Date "1998.??.??"]
[Round "3"]
[White "Gutierrez Minguenza, Ruben"]
[Black "Vasilev, Vasil"]
[Result "0-1"]
[WhiteElo "1905"]
[BlackElo "2075"]

1.e4 g6 2.d4 Bg7 3.Nc3 c6 4.f4 d5 5.e5 h5 6.Nf3 Bg4 7.Be3 e6 8.Bd3 Ne7 9.h3 Bxf3
10.Qxf3 h4 11.O-O-O Nd7 12.g4 hxg3 13.Qxg3 Bf8 14.h4 Nf5 15.Bxf5 gxf5 16.h5 Bh6
17.Qf3 Qa5 18.Rdg1 O-O-O 19.Kb1 c5 20.Rh3 cxd4 21.Bxd4 Nc5 22.Qf2 b6 23.Qf1 Ne4
24.Nxe4 dxe4 25.Ra3 Qxa3 26.bxa3 Rxd4 27.Rg3 Kb7 28.Qf2 Rhd8 29.Kb2 e3 30.Qxe3 Bxf4
31.Qf3+ Re4 32.Rg4 Bxe5+ 33.Kb3 Rd5 34.Rxe4 fxe4 35.Qxf7+ Bc7 36.Qxe6 Re5
37.Qd7 e3 38.h6 e2 39.h7 e1=Q 40.h8=Q Qb1+ 41.Kc3 Rc5+ 42.Kd2 Rxc2+ 43.Ke3 Qe1+
44.Kf3 Rf2+ 45.Kg4 Qg1+ 46.Kh4 Rh2+ 47.Qh3 Qg3+  0-1

[Event "Santiago Esucomex op"]
[Site "Santiago"]
[Date "1998.??.??"]
[Round "7"]
[White "Oyarzun, Fernando"]
[Black "Rioseco, Fernando"]
[Result "0-1"]
[WhiteElo "2035"]
[BlackElo "2095"]

1.e4 g6 2.d4 Bg7 3.Nc3 c6 4.Nf3 d5 5.e5 f6 6.Be2 Nh6 7.O-O O-O 8.h3 Nf7 9.exf6 exf6
10.Be3 Re8 11.Qd2 Nd7 12.b3 Nf8 13.Na4 Nd6 14.c4 Ne4 15.Qc2 Ng3 16.Rfd1 Rxe3
17.fxe3 Bh6 18.Kf2 Ne4+ 19.Ke1 Qd6 20.Bd3 Qg3+ 21.Kf1 Bxe3 22.Re1 Qf4 23.Bxe4 dxe4
24.Qe2 Bxd4 25.Rad1 exf3 26.Qe4 fxg2+ 27.Kxg2 Qf2+ 28.Kh1 Bxh3 29.Re2 Bf5
30.Rxd4 Bxe4+ 31.Rdxe4 Qf1+ 32.Kh2 Rd8 33.Re1 Rd2+  0-1